[Event "Classic Open"]
[Site "Estonia Resort Hotel & Spa conference center, Parnu, EE"]
[Date "2025.08.14"]
[Round "6"]
[White "Pidluznij, Gleb"]
[Black "Keinanen, Toivo"]
[Result "1/2-1/2"]
[Board "3"]
[WhiteFideId "12817082"]
[BlackFideId "509825"]
[WhiteTitle "FM"]
[BlackTitle "IM"]
[WhiteElo "2431"]
[BlackElo "2517"]
[WhiteTeam "LTU"]
[BlackTeam "FIN"]
[WhiteClock "0:04:00"]
[BlackClock "0:02:07"]
[Variant "Standard"]

1. d4 {[%clk 1:30:49]}  g6 {[%clk 1:30:53]} 2. g3 {[%clk 1:30:45]}  Bg7 {[%clk 1:28:09]} 3. Bg2 {[%clk 1:30:54]}  c5 {[%clk 1:28:26]} 4. c3 {[%clk 1:19:51]}  Qa5 {[%clk 1:26:07]} 5. Nd2 {[%clk 1:15:56]}  cxd4 {[%clk 1:25:39]} 6. Nb3 {[%clk 1:16:19]}  Qb6 {[%clk 1:14:32]} 7. cxd4 {[%clk 1:10:55]}  a5 {[%clk 1:11:21]} 8. Nf3 {[%clk 0:58:28]}  Nf6 {[%clk 1:08:54]} 9. O-O {[%clk 0:58:41]}  O-O {[%clk 1:09:21]} 10. Nc5 {[%clk 0:55:41]}  d6 {[%clk 1:04:49]} 11. Na4 {[%clk 0:56:03]}  Qa6 {[%clk 1:02:50]} 12. Bg5 {[%clk 0:54:01]}  b5 {[%clk 0:58:29]} 13. Bxf6 {[%clk 0:51:14]}  Bxf6 {[%clk 0:58:19]} 14. Nc3 {[%clk 0:51:37]}  Bb7 {[%clk 0:55:46]} 15. e3 {[%clk 0:39:08]}  b4 {[%clk 0:54:03]} 16. Na4 {[%clk 0:39:00]}  Nd7 {[%clk 0:43:54]} 17. Nd2 {[%clk 0:33:17]}  Bxg2 {[%clk 0:34:50]} 18. Kxg2 {[%clk 0:33:45]}  Rac8 {[%clk 0:34:14]} 19. b3 {[%clk 0:26:29]}  d5 {[%clk 0:26:38]} 20. Nf3 {[%clk 0:21:13]}  Rc6 {[%clk 0:24:08]} 21. Qd2 {[%clk 0:21:05]}  Rfc8 {[%clk 0:23:06]} 22. Rfc1 {[%clk 0:18:27]}  Kg7 {[%clk 0:21:31]} 23. Nb2 {[%clk 0:15:18]}  e6 {[%clk 0:16:03]} 24. Rxc6 {[%clk 0:15:07]}  Rxc6 {[%clk 0:11:17]} 25. Rc1 {[%clk 0:14:49]}  Be7 {[%clk 0:10:41]} 26. Rxc6 {[%clk 0:14:07]}  Qxc6 {[%clk 0:11:09]} 27. Nd3 {[%clk 0:14:28]}  Bd6 {[%clk 0:10:23]} 28. Qc1 {[%clk 0:14:15]}  Qxc1 {[%clk 0:10:23]} 29. Nxc1 {[%clk 0:14:43]}  f6 {[%clk 0:09:41]} 30. Nd2 {[%clk 0:14:09]}  Kf7 {[%clk 0:07:58]} 31. Nd3 {[%clk 0:14:09]}  Nb8 {[%clk 0:07:00]} 32. Kf3 {[%clk 0:10:17]}  Nc6 {[%clk 0:07:22]} 33. Ke2 {[%clk 0:09:55]}  Na7 {[%clk 0:06:23]} 34. Nc1 {[%clk 0:09:21]}  Nb5 {[%clk 0:04:58]} 35. Kd3 {[%clk 0:09:18]}  Bc7 {[%clk 0:05:03]} 36. Ne2 {[%clk 0:09:34]}  Ke7 {[%clk 0:04:58]} 37. h3 {[%clk 0:07:17]}  Bb6 {[%clk 0:03:56]} 38. f4 {[%clk 0:07:05]}  Kd7 {[%clk 0:03:16]} 39. g4 {[%clk 0:06:42]}  Bc7 {[%clk 0:02:38]} 40. Nf3 {[%clk 0:06:00]}  Ke7 {[%clk 0:01:38]} 41. Ng3 {[%clk 0:04:26]}  g5 {[%clk 0:01:13]} 42. Ne2 {[%clk 0:04:30]}  gxf4 {[%clk 0:01:15]} 43. exf4 {[%clk 0:03:53]}  Nd6 {[%clk 0:01:33]} 44. Ng3 {[%clk 0:02:24]}  Nb5 {[%clk 0:01:31]} 45. Ne2 {[%clk 0:03:20]}  Kf7 {[%clk 0:01:09]} 46. Ke3 {[%clk 0:02:46]}  Nd6 {[%clk 0:00:53]} 47. Ng3 {[%clk 0:03:10]}  Nb5 {[%clk 0:01:13]} 48. Ne2 {[%clk 0:03:33]}  Kg7 {[%clk 0:01:04]} 49. Ne1 {[%clk 0:03:02]}  Kf7 {[%clk 0:00:50]} 50. Nf3 {[%clk 0:03:26]}  Ke7 {[%clk 0:01:08]} 51. Kd3 {[%clk 0:03:24]}  Nd6 {[%clk 0:01:31]} 52. Ng3 {[%clk 0:03:39]}  Nb5 {[%clk 0:01:47]} 53. Ne2 {[%clk 0:04:07]}  Bd6 {[%clk 0:02:05]} 54. Ne1 {[%clk 0:03:57]}  Bb8 {[%clk 0:01:32]} 55. Ng2 {[%clk 0:03:25]}  Nd6 {[%clk 0:01:27]} 56. Ng3 {[%clk 0:03:15]}  Nb5 {[%clk 0:01:56]} 57. Ne2 {[%clk 0:03:37]}  Nd6 {[%clk 0:02:26]} 58. Ng3 {[%clk 0:04:00]}  Nb5 {[%clk 0:02:07]} 1/2-1/2

[Event "Classic Open"]
[Site "Estonia Resort Hotel & Spa conference center, Parnu, EE"]
[Date "2025.08.14"]
[Round "6"]
[White "Laurusas, Tomas"]
[Black "Fischer, Daniel"]
[Result "1-0"]
[Board "4"]
[WhiteFideId "12803731"]
[BlackFideId "1328360"]
[WhiteTitle "GM"]
[BlackTitle "IM"]
[WhiteElo "2500"]
[BlackElo "2360"]
[WhiteTeam "LTU"]
[BlackTeam "SUI"]
[WhiteClock "0:02:39"]
[BlackClock "0:01:36"]
[Variant "Standard"]

1. d4 {[%clk 1:25:09]}  Nf6 {[%clk 1:30:57]} 2. c4 {[%clk 1:25:30]}  e6 {[%clk 1:31:23]} 3. Nc3 {[%clk 1:25:56]}  Bb4 {[%clk 1:31:48]} 4. e3 {[%clk 1:26:16]}  O-O {[%clk 1:32:12]} 5. Nge2 {[%clk 1:26:42]}  d5 {[%clk 1:32:28]} 6. a3 {[%clk 1:27:03]}  Be7 {[%clk 1:32:52]} 7. cxd5 {[%clk 1:27:21]}  exd5 {[%clk 1:33:16]} 8. Nf4 {[%clk 1:27:44]}  c6 {[%clk 1:33:14]} 9. Bd3 {[%clk 1:27:26]}  Re8 {[%clk 1:33:06]} 10. O-O {[%clk 1:27:27]}  Nbd7 {[%clk 1:33:21]} 11. Bd2 {[%clk 1:25:44]}  Nf8 {[%clk 1:32:30]} 12. Rc1 {[%clk 1:17:03]}  Ne6 {[%clk 1:32:15]} 13. Nfe2 {[%clk 1:17:21]}  b6 {[%clk 1:25:08]} 14. f3 {[%clk 1:08:09]}  c5 {[%clk 1:23:02]} 15. Qe1 {[%clk 0:55:53]}  Bb7 {[%clk 1:21:34]} 16. Qf2 {[%clk 0:54:55]}  Rc8 {[%clk 1:18:02]} 17. Kh1 {[%clk 0:52:07]}  Bf8 {[%clk 1:14:33]} 18. Bb5 {[%clk 0:48:56]}  Bc6 {[%clk 1:13:32]} 19. Ba6 {[%clk 0:49:21]}  Rb8 {[%clk 1:11:26]} 20. Bd3 {[%clk 0:49:48]}  Rc8 {[%clk 1:10:57]} 21. Rcd1 {[%clk 0:48:34]}  Qd7 {[%clk 1:08:01]} 22. Bc1 {[%clk 0:48:00]}  Qb7 {[%clk 0:59:46]} 23. Rfe1 {[%clk 0:47:09]}  Rcd8 {[%clk 0:55:55]} 24. Bc2 {[%clk 0:42:44]}  Rc8 {[%clk 0:53:01]} 25. Bd2 {[%clk 0:39:46]}  Rcd8 {[%clk 0:50:20]} 26. Nc1 {[%clk 0:39:22]}  Bd6 {[%clk 0:48:45]} 27. N1e2 {[%clk 0:37:05]}  Bf8 {[%clk 0:48:05]} 28. Rg1 {[%clk 0:37:21]}  Bd6 {[%clk 0:46:09]} 29. Rgf1 {[%clk 0:34:47]}  Bf8 {[%clk 0:45:14]} 30. Qg1 {[%clk 0:35:04]}  Rc8 {[%clk 0:43:56]} 31. Be1 {[%clk 0:33:41]}  cxd4 {[%clk 0:36:49]} 32. exd4 {[%clk 0:31:02]}  Nh5 {[%clk 0:35:58]} 33. Bd2 {[%clk 0:26:31]}  Bd6 {[%clk 0:35:02]} 34. Bf5 {[%clk 0:25:54]}  Bd7 {[%clk 0:28:50]} 35. Qf2 {[%clk 0:24:23]}  Nf8 {[%clk 0:19:53]} 36. Bb1 {[%clk 0:24:19]}  Ng6 {[%clk 0:19:08]} 37. Rfe1 {[%clk 0:24:43]}  Bc6 {[%clk 0:17:09]} 38. Nc1 {[%clk 0:20:03]}  Qb8 {[%clk 0:13:45]} 39. g3 {[%clk 0:19:55]}  Nf6 {[%clk 0:12:36]} 40. Nd3 {[%clk 0:19:39]}  Rxe1+ {[%clk 0:12:14]} 41. Rxe1 {[%clk 0:19:50]}  Re8 {[%clk 0:12:26]} 42. Nb4 {[%clk 0:19:05]}  Bxb4 {[%clk 0:09:22]} 43. axb4 {[%clk 0:19:24]}  b5 {[%clk 0:08:47]} 44. Rc1 {[%clk 0:16:58]}  Qd6 {[%clk 0:06:49]} 45. Ne2 {[%clk 0:17:08]}  Bb7 {[%clk 0:06:24]} 46. g4 {[%clk 0:14:40]}  Rc8 {[%clk 0:05:25]} 47. Rc5 {[%clk 0:15:02]}  a6 {[%clk 0:05:46]} 48. h4 {[%clk 0:14:35]}  Ne7 {[%clk 0:03:49]} 49. Nf4 {[%clk 0:14:20]}  Nd7 {[%clk 0:03:50]} 50. Rxc8+ {[%clk 0:14:32]}  Bxc8 {[%clk 0:04:11]} 51. Nd3 {[%clk 0:14:51]}  Nf8 {[%clk 0:03:55]} 52. Bf4 {[%clk 0:14:34]}  Qd8 {[%clk 0:03:03]} 53. Nc5 {[%clk 0:14:05]}  Nc6 {[%clk 0:02:35]} 54. Bd2 {[%clk 0:10:56]}  Qf6 {[%clk 0:02:45]} 55. Kg2 {[%clk 0:08:20]}  Ne6 {[%clk 0:02:12]} 56. Ba2 {[%clk 0:08:01]}  Qxd4 {[%clk 0:01:04]} 57. Qxd4 {[%clk 0:07:58]}  Nexd4 {[%clk 0:00:43]} 58. Bxd5 {[%clk 0:08:13]}  Ne7 {[%clk 0:00:58]} 59. Ba8 {[%clk 0:08:06]}  Kf8 {[%clk 0:00:40]} 60. Kf2 {[%clk 0:07:46]}  Ne6 {[%clk 0:01:02]} 61. Be4 {[%clk 0:07:34]}  g6 {[%clk 0:00:56]} 62. h5 {[%clk 0:04:41]}  Ke8 {[%clk 0:00:58]} 63. Bc3 {[%clk 0:04:21]}  Nf4 {[%clk 0:00:36]} 64. h6 {[%clk 0:04:32]}  Ne6 {[%clk 0:00:43]} 65. Be5 {[%clk 0:04:44]}  Nxc5 {[%clk 0:00:45]} 66. bxc5 {[%clk 0:05:12]}  f5 {[%clk 0:00:34]} 67. gxf5 {[%clk 0:04:34]}  Nxf5 {[%clk 0:00:56]} 68. Bf4 {[%clk 0:04:31]}  Kd7 {[%clk 0:00:45]} 69. Bd5 {[%clk 0:03:47]}  Ne7 {[%clk 0:00:48]} 70. Be4 {[%clk 0:02:38]}  Ke6 {[%clk 0:00:58]} 71. Bg5 {[%clk 0:02:31]}  Nf5 {[%clk 0:01:09]} 72. b4 {[%clk 0:02:35]}  Ke5 {[%clk 0:01:23]} 73. Ba8 {[%clk 0:02:16]}  Nd4 {[%clk 0:00:34]} 74. Bc1 {[%clk 0:01:55]}  Ne6 {[%clk 0:00:31]} 75. Bb2+ {[%clk 0:01:48]}  Kf5 {[%clk 0:01:00]} 76. Be4+ {[%clk 0:01:44]}  Kg5 {[%clk 0:01:12]} 77. Bg7 {[%clk 0:01:49]}  a5 {[%clk 0:01:15]} 78. bxa5 {[%clk 0:02:12]}  Nxc5 {[%clk 0:01:44]} 79. Bd5 {[%clk 0:02:23]}  b4 {[%clk 0:01:21]} 80. Bd4 {[%clk 0:02:18]}  Nd3+ {[%clk 0:00:55]} 81. Ke3 {[%clk 0:02:24]}  Ba6 {[%clk 0:01:06]} 82. Be4 {[%clk 0:01:45]}  Nc1 {[%clk 0:00:52]} 83. Bc5 {[%clk 0:01:20]}  Kxh6 {[%clk 0:00:54]} 84. Bxb4 {[%clk 0:01:41]}  Nb3 {[%clk 0:00:49]} 85. Bc2 {[%clk 0:01:39]}  Nxa5 {[%clk 0:00:53]} 86. Bxa5 {[%clk 0:02:06]}  Kg7 {[%clk 0:00:53]} 87. Bc3+ {[%clk 0:02:20]}  Kf8 {[%clk 0:01:06]} 88. Kf4 {[%clk 0:02:34]}  Bc4 {[%clk 0:01:11]} 89. Kg5 {[%clk 0:02:54]}  Kf7 {[%clk 0:01:20]} 90. Be4 {[%clk 0:02:41]}  Bb3 {[%clk 0:01:45]} 91. Kf4 {[%clk 0:02:24]}  Ke6 {[%clk 0:02:11]} 92. Bb7 {[%clk 0:02:45]}  Bd1 {[%clk 0:02:18]} 93. Kg5 {[%clk 0:03:01]}  Bb3 {[%clk 0:01:19]} 94. Kh6 {[%clk 0:03:16]}  Kf5 {[%clk 0:01:27]} 95. Bd2 {[%clk 0:03:26]}  Bd1 {[%clk 0:01:20]} 96. Be4+ {[%clk 0:02:45]}  Kf6 {[%clk 0:01:36]} 97. f4 {[%clk 0:02:39]} 1-0

[Event "Classic Open"]
[Site "Estonia Resort Hotel & Spa conference center, Parnu, EE"]
[Date "2025.08.14"]
[Round "6"]
[White "Vingris,Mikelis"]
[Black "Poetsch, Hagen"]
[Result "0-1"]
[Board "5"]
[WhiteFideId "11611731"]
[BlackFideId "24615137"]
[BlackTitle "GM"]
[WhiteElo "2287"]
[BlackElo "2479"]
[WhiteTeam "LAT"]
[BlackTeam "GER"]
[WhiteClock "0:16:56"]
[BlackClock "0:17:26"]
[Variant "Standard"]

1. e4 {[%clk 1:30:37]}  e6 {[%clk 1:22:09]} 2. d4 {[%clk 1:31:02]}  d5 {[%clk 1:22:36]} 3. Nc3 {[%clk 1:31:28]}  Nf6 {[%clk 1:23:02]} 4. e5 {[%clk 1:31:54]}  Nfd7 {[%clk 1:23:28]} 5. Nce2 {[%clk 1:31:49]}  c5 {[%clk 1:23:53]} 6. c3 {[%clk 1:32:14]}  Nc6 {[%clk 1:24:17]} 7. Nf3 {[%clk 1:32:37]}  Be7 {[%clk 1:24:42]} 8. a3 {[%clk 1:32:45]}  O-O {[%clk 1:24:34]} 9. Nf4 {[%clk 1:32:22]}  Qa5 {[%clk 1:24:12]} 10. Ra2 {[%clk 1:30:41]}  Nxd4 {[%clk 1:16:58]} 11. Nxd4 {[%clk 1:28:56]}  cxd4 {[%clk 1:17:23]} 12. b4 {[%clk 1:28:48]}  Qb6 {[%clk 1:06:42]} 13. cxd4 {[%clk 1:28:28]}  f6 {[%clk 1:06:50]} 14. exf6 {[%clk 1:23:01]}  Nxf6 {[%clk 1:06:32]} 15. Bd3 {[%clk 1:21:24]}  a5 {[%clk 1:02:41]} 16. b5 {[%clk 1:19:15]}  Ne4 {[%clk 1:02:29]} 17. f3 {[%clk 1:09:00]}  Nd6 {[%clk 0:47:57]} 18. Qc2 {[%clk 0:46:38]}  Nf5 {[%clk 0:47:28]} 19. g4 {[%clk 0:44:10]}  Nxd4 {[%clk 0:33:52]} 20. Bxh7+ {[%clk 0:43:52]}  Kh8 {[%clk 0:34:18]} 21. Qd3 {[%clk 0:39:41]}  Bh4+ {[%clk 0:18:14]} 22. Kd1 {[%clk 0:32:11]}  e5 {[%clk 0:17:34]} 23. Ng6+ {[%clk 0:31:26]}  Kxh7 {[%clk 0:17:59]} 24. Nxf8+ {[%clk 0:31:41]}  Kg8 {[%clk 0:18:24]} 25. Qh7+ {[%clk 0:31:50]}  Kxf8 {[%clk 0:18:49]} 26. Qxh4 {[%clk 0:30:52]}  Qxb5 {[%clk 0:18:58]} 27. Qd8+ {[%clk 0:23:01]}  Kf7 {[%clk 0:18:02]} 28. Qc7+ {[%clk 0:22:46]}  Bd7 {[%clk 0:17:53]} 29. Rb2 {[%clk 0:22:55]}  Qa4+ {[%clk 0:16:53]} 30. Kd2 {[%clk 0:16:37]}  Rc8 {[%clk 0:17:10]} 31. Qb6 {[%clk 0:15:56]}  Rc2+ {[%clk 0:17:16]} 32. Ke3 {[%clk 0:16:08]}  Nf5+ {[%clk 0:17:18]} 33. gxf5 {[%clk 0:16:28]}  Qf4+ {[%clk 0:17:38]} 34. Kd3 {[%clk 0:16:56]}  Bxf5# {[%clk 0:17:26]} 0-1

[Event "Classic Open"]
[Site "Estonia Resort Hotel & Spa conference center, Parnu, EE"]
[Date "2025.08.14"]
[Round "6"]
[White "Kopylov, Daniel"]
[Black "Tolmacevs,Artjoms"]
[Result "1-0"]
[Board "6"]
[WhiteFideId "12921971"]
[BlackFideId "11617519"]
[WhiteTitle "IM"]
[WhiteElo "2421"]
[BlackElo "2258"]
[WhiteTeam "GER"]
[BlackTeam "LAT"]
[WhiteClock "0:01:51"]
[BlackClock "0:24:47"]
[Variant "Standard"]

1. d4 {[%clk 1:25:57]}  Nf6 {[%clk 1:30:55]} 2. c4 {[%clk 1:26:09]}  e6 {[%clk 1:31:19]} 3. Nf3 {[%clk 1:26:00]}  c5 {[%clk 1:31:30]} 4. d5 {[%clk 1:26:20]}  exd5 {[%clk 1:31:53]} 5. cxd5 {[%clk 1:26:43]}  d6 {[%clk 1:32:21]} 6. Nc3 {[%clk 1:26:44]}  g6 {[%clk 1:32:43]} 7. Nd2 {[%clk 1:26:41]}  Bg7 {[%clk 1:33:01]} 8. e4 {[%clk 1:27:01]}  O-O {[%clk 1:33:21]} 9. Be2 {[%clk 1:27:14]}  Re8 {[%clk 1:33:17]} 10. O-O {[%clk 1:27:30]}  Nbd7 {[%clk 1:33:10]} 11. h3 {[%clk 1:24:58]}  g5 {[%clk 1:33:10]} 12. Nc4 {[%clk 1:16:04]}  Nxe4 {[%clk 1:33:32]} 13. Nxe4 {[%clk 1:16:27]}  Rxe4 {[%clk 1:33:57]} 14. Nxd6 {[%clk 1:16:52]}  Rd4 {[%clk 1:34:22]} 15. Qc2 {[%clk 1:10:49]}  Nb6 {[%clk 1:34:42]} 16. Nxc8 {[%clk 1:02:52]}  Rxc8 {[%clk 1:35:10]} 17. Be3 {[%clk 1:01:12]}  Rb4 {[%clk 1:24:28]} 18. Bg4 {[%clk 0:58:10]}  Rc7 {[%clk 1:20:54]} 19. Rad1 {[%clk 0:43:53]}  Bd4 {[%clk 1:09:56]} 20. a3 {[%clk 0:36:41]}  Rc4 {[%clk 0:53:53]} 21. Qd2 {[%clk 0:32:46]}  Qxd5 {[%clk 0:38:09]} 22. Bxg5 {[%clk 0:24:25]}  h5 {[%clk 0:34:05]} 23. Be2 {[%clk 0:19:51]}  Ra4 {[%clk 0:32:39]} 24. Bb5 {[%clk 0:18:29]}  Ra5 {[%clk 0:31:18]} 25. Qxa5 {[%clk 0:13:15]}  Qxg5 {[%clk 0:31:46]} 26. Qd2 {[%clk 0:12:34]}  Qf6 {[%clk 0:31:24]} 27. b4 {[%clk 0:11:07]}  a6 {[%clk 0:30:03]} 28. bxc5 {[%clk 0:07:27]}  Bxc5 {[%clk 0:29:59]} 29. Be2 {[%clk 0:06:17]}  Bxa3 {[%clk 0:28:00]} 30. Qe3 {[%clk 0:05:52]}  Bd6 {[%clk 0:27:45]} 31. Rxd6 {[%clk 0:02:43]}  Qxd6 {[%clk 0:28:00]} 32. Qg5+ {[%clk 0:02:47]}  Kh7 {[%clk 0:27:22]} 33. Rd1 {[%clk 0:02:42]}  Qe6 {[%clk 0:24:21]} 34. Bd3+ {[%clk 0:02:41]}  Kh8 {[%clk 0:24:47]} 35. Qd8+ {[%clk 0:01:51]} 1-0

[Event "Classic Open"]
[Site "Estonia Resort Hotel & Spa conference center, Parnu, EE"]
[Date "2025.08.14"]
[Round "6"]
[White "Lahdelma, Henri"]
[Black "Kostov, Deyan Samuil"]
[Result "1/2-1/2"]
[Board "7"]
[WhiteFideId "510394"]
[BlackFideId "30909015"]
[WhiteTitle "FM"]
[BlackTitle "FM"]
[WhiteElo "2247"]
[BlackElo "2368"]
[WhiteTeam "FIN"]
[BlackTeam "BUL"]
[WhiteClock "0:05:41"]
[BlackClock "0:03:01"]
[Variant "Standard"]

1. d4 {[%clk 1:29:10]}  Nf6 {[%clk 1:30:26]} 2. c4 {[%clk 1:27:54]}  Nc6 {[%clk 1:29:39]} 3. Nf3 {[%clk 1:26:04]}  e6 {[%clk 1:28:32]} 4. a3 {[%clk 1:22:51]}  d5 {[%clk 1:26:08]} 5. cxd5 {[%clk 1:18:44]}  exd5 {[%clk 1:24:26]} 6. Bg5 {[%clk 1:18:47]}  h6 {[%clk 1:20:46]} 7. Bh4 {[%clk 1:18:50]}  Be7 {[%clk 1:19:00]} 8. Nc3 {[%clk 1:17:27]}  Ne4 {[%clk 1:16:35]} 9. Bxe7 {[%clk 1:17:20]}  Nxe7 {[%clk 1:16:59]} 10. e3 {[%clk 1:16:38]}  Nd6 {[%clk 1:13:29]} 11. h3 {[%clk 1:13:32]}  c6 {[%clk 1:12:45]} 12. Bd3 {[%clk 1:11:16]}  Bf5 {[%clk 1:10:55]} 13. Ne5 {[%clk 1:09:39]}  O-O {[%clk 1:10:53]} 14. O-O {[%clk 1:08:32]}  Bxd3 {[%clk 1:10:12]} 15. Qxd3 {[%clk 1:08:17]}  Nef5 {[%clk 1:05:59]} 16. b4 {[%clk 1:02:19]}  a6 {[%clk 0:56:11]} 17. a4 {[%clk 1:01:25]}  Qg5 {[%clk 0:54:38]} 18. Nf3 {[%clk 0:46:39]}  Qg6 {[%clk 0:47:29]} 19. Ne5 {[%clk 0:46:43]}  Qg5 {[%clk 0:47:53]} 20. Nf3 {[%clk 0:41:37]}  Qg6 {[%clk 0:48:06]} 21. b5 {[%clk 0:34:36]}  axb5 {[%clk 0:44:43]} 22. axb5 {[%clk 0:34:58]}  Nc4 {[%clk 0:43:54]} 23. Qb1 {[%clk 0:30:03]}  Kh7 {[%clk 0:31:49]} 24. Rxa8 {[%clk 0:26:39]}  Rxa8 {[%clk 0:32:14]} 25. bxc6 {[%clk 0:27:02]}  bxc6 {[%clk 0:32:34]} 26. Ne2 {[%clk 0:27:00]}  Nfd6 {[%clk 0:31:41]} 27. Nf4 {[%clk 0:25:30]}  Qxb1 {[%clk 0:32:00]} 28. Rxb1 {[%clk 0:25:56]}  Ra3 {[%clk 0:24:51]} 29. h4 {[%clk 0:25:22]}  g6 {[%clk 0:21:47]} 30. g4 {[%clk 0:18:18]}  Kg7 {[%clk 0:19:28]} 31. g5 {[%clk 0:12:30]}  hxg5 {[%clk 0:19:47]} 32. hxg5 {[%clk 0:12:35]}  Ne4 {[%clk 0:19:00]} 33. Rb7 {[%clk 0:11:49]}  Ra1+ {[%clk 0:18:07]} 34. Kg2 {[%clk 0:11:56]}  Ra2 {[%clk 0:17:48]} 35. Ne5 {[%clk 0:09:20]}  Nxg5 {[%clk 0:17:01]} 36. Nxc4 {[%clk 0:07:35]}  dxc4 {[%clk 0:17:12]} 37. Rc7 {[%clk 0:07:55]}  Ne4 {[%clk 0:14:29]} 38. Kf3 {[%clk 0:08:15]}  Nd2+ {[%clk 0:13:23]} 39. Kg2 {[%clk 0:08:01]}  Ne4 {[%clk 0:08:06]} 40. Kf3 {[%clk 0:08:23]}  Nxf2 {[%clk 0:07:03]} 41. Rxc6 {[%clk 0:07:49]}  Rc2 {[%clk 0:07:01]} 42. e4 {[%clk 0:06:26]}  Nd3 {[%clk 0:06:13]} 43. Nd5 {[%clk 0:04:51]}  Ne1+ {[%clk 0:05:33]} 44. Ke3 {[%clk 0:04:46]}  Ng2+ {[%clk 0:05:35]} 45. Kf3 {[%clk 0:05:07]}  Ne1+ {[%clk 0:06:00]} 46. Ke3 {[%clk 0:05:33]}  g5 {[%clk 0:06:18]} 47. Nb6 {[%clk 0:04:30]}  Ng2+ {[%clk 0:05:39]} 48. Kf3 {[%clk 0:04:50]}  Ne1+ {[%clk 0:05:30]} 49. Ke3 {[%clk 0:05:16]}  Ng2+ {[%clk 0:03:41]} 50. Kf3 {[%clk 0:05:41]}  Ne1+ {[%clk 0:03:01]} 1/2-1/2

[Event "Classic Open"]
[Site "Estonia Resort Hotel & Spa conference center, Parnu, EE"]
[Date "2025.08.14"]
[Round "6"]
[White "Chibukhchian, Artur"]
[Black "Andrijashkin, Deniss"]
[Result "0-1"]
[Board "8"]
[WhiteFideId "13300717"]
[BlackFideId "4504631"]
[WhiteTitle "GM"]
[WhiteElo "2358"]
[BlackElo "2114"]
[WhiteTeam "ARM"]
[BlackTeam "EST"]
[WhiteClock "0:01:28"]
[BlackClock "0:01:17"]
[Variant "Standard"]

1. Nf3 {[%clk 1:30:38]}  Nf6 {[%clk 1:28:50]} 2. c4 {[%clk 1:30:43]}  g6 {[%clk 1:28:30]} 3. Nc3 {[%clk 1:30:57]}  Bg7 {[%clk 1:28:38]} 4. e4 {[%clk 1:28:45]}  d6 {[%clk 1:28:21]} 5. d4 {[%clk 1:29:07]}  O-O {[%clk 1:28:36]} 6. h3 {[%clk 1:29:16]}  e5 {[%clk 1:28:51]} 7. d5 {[%clk 1:29:12]}  a5 {[%clk 1:27:35]} 8. Bg5 {[%clk 1:24:12]}  Qe8 {[%clk 1:19:27]} 9. Be2 {[%clk 1:22:09]}  Nfd7 {[%clk 1:09:36]} 10. g4 {[%clk 1:19:02]}  Nc5 {[%clk 1:09:29]} 11. Rg1 {[%clk 1:12:19]}  Nba6 {[%clk 1:03:47]} 12. Qd2 {[%clk 0:56:41]}  c6 {[%clk 0:58:50]} 13. h4 {[%clk 0:52:22]}  cxd5 {[%clk 0:48:30]} 14. cxd5 {[%clk 0:52:12]}  f6 {[%clk 0:44:51]} 15. Be3 {[%clk 0:50:16]}  Bd7 {[%clk 0:44:19]} 16. Bxa6 {[%clk 0:43:04]}  Nxa6 {[%clk 0:42:35]} 17. Rc1 {[%clk 0:26:17]}  Kh8 {[%clk 0:34:18]} 18. Bb6 {[%clk 0:18:37]}  f5 {[%clk 0:25:27]} 19. gxf5 {[%clk 0:18:39]}  gxf5 {[%clk 0:25:53]} 20. Ng5 {[%clk 0:18:15]}  Qh5 {[%clk 0:22:45]} 21. Ne6 {[%clk 0:03:34]}  Bh6 {[%clk 0:20:33]} 22. Qd1 {[%clk 0:03:17]}  Qxh4 {[%clk 0:19:04]} 23. Nxf8 {[%clk 0:03:16]}  Rxf8 {[%clk 0:18:31]} 24. Rc2 {[%clk 0:03:44]}  fxe4 {[%clk 0:17:37]} 25. Re2 {[%clk 0:02:44]}  e3 {[%clk 0:16:28]} 26. Qd3 {[%clk 0:02:16]}  Bf5 {[%clk 0:13:59]} 27. Qb5 {[%clk 0:02:38]}  Qh2 {[%clk 0:13:41]} 28. Rf1 {[%clk 0:02:58]}  Bh3 {[%clk 0:13:51]} 29. fxe3 {[%clk 0:00:45]}  Rxf1+ {[%clk 0:10:44]} 30. Kd2 {[%clk 0:01:12]}  Qg1 {[%clk 0:06:38]} 31. Qe8+ {[%clk 0:01:27]}  Rf8 {[%clk 0:06:49]} 32. Qh5 {[%clk 0:01:52]}  Qa1 {[%clk 0:04:40]} 33. Qxh6 {[%clk 0:00:58]}  Qxb2+ {[%clk 0:03:04]} 34. Kd3 {[%clk 0:01:27]}  Bf5+ {[%clk 0:02:37]} 35. e4 {[%clk 0:01:14]}  Nb4+ {[%clk 0:02:58]} 36. Ke3 {[%clk 0:00:33]}  Qxc3+ {[%clk 0:03:11]} 37. Kf2 {[%clk 0:01:02]}  Nd3+ {[%clk 0:02:33]} 38. Kg1 {[%clk 0:01:30]}  Qc1+ {[%clk 0:00:46]} 39. Qxc1 {[%clk 0:01:52]}  Nxc1 {[%clk 0:01:15]} 40. Re1 {[%clk 0:01:00]}  Nd3 {[%clk 0:00:55]} 41. Re3 {[%clk 0:01:29]}  Nf4 {[%clk 0:00:46]} 42. exf5 {[%clk 0:01:27]}  Nxd5 {[%clk 0:01:08]} 43. Rb3 {[%clk 0:01:53]}  Nxb6 {[%clk 0:00:36]} 44. Rxb6 {[%clk 0:02:22]}  Rxf5 {[%clk 0:00:37]} 45. Rxd6 {[%clk 0:02:41]}  e4 {[%clk 0:00:35]} 46. Rb6 {[%clk 0:02:42]}  e3 {[%clk 0:00:43]} 47. Re6 {[%clk 0:03:03]}  Rf2 {[%clk 0:00:34]} 48. a3 {[%clk 0:03:23]}  Rb2 {[%clk 0:00:51]} 49. Rxe3 {[%clk 0:02:49]}  Kg7 {[%clk 0:00:48]} 50. Rg3+ {[%clk 0:01:03]}  Kf6 {[%clk 0:01:06]} 51. Rh3 {[%clk 0:01:31]}  Kg6 {[%clk 0:01:25]} 52. Rg3+ {[%clk 0:02:00]}  Kf5 {[%clk 0:01:00]} 53. Rh3 {[%clk 0:02:26]}  Ke4 {[%clk 0:00:38]} 54. Kf1 {[%clk 0:01:07]}  Kd4 {[%clk 0:00:37]} 55. Ke1 {[%clk 0:01:16]}  Kc4 {[%clk 0:00:39]} 56. Kd1 {[%clk 0:01:09]}  b6 {[%clk 0:00:39]} 57. Kc1 {[%clk 0:01:05]}  Rb3 {[%clk 0:00:44]} 58. Rh4+ {[%clk 0:01:03]}  Kb5 {[%clk 0:00:51]} 59. a4+ {[%clk 0:00:36]}  Ka6 {[%clk 0:01:07]} 60. Kc2 {[%clk 0:00:55]}  Rb4 {[%clk 0:01:36]} 61. Rxh7 {[%clk 0:01:07]}  Rxa4 {[%clk 0:02:03]} 62. Kb3 {[%clk 0:01:32]}  Rb4+ {[%clk 0:02:31]} 63. Ka3 {[%clk 0:01:57]}  Rg4 {[%clk 0:02:52]} 64. Rh3 {[%clk 0:01:59]}  Rg6 {[%clk 0:03:17]} 65. Kb3 {[%clk 0:02:07]}  b5 {[%clk 0:03:38]} 66. Rf3 {[%clk 0:02:20]}  a4+ {[%clk 0:03:42]} 67. Ka3 {[%clk 0:02:22]}  Ka5 {[%clk 0:04:06]} 68. Rf5 {[%clk 0:02:31]}  Rg3+ {[%clk 0:04:24]} 69. Ka2 {[%clk 0:02:48]}  Rc3 {[%clk 0:04:15]} 70. Kb2 {[%clk 0:03:06]}  Rb3+ {[%clk 0:03:43]} 71. Ka2 {[%clk 0:02:29]}  Rd3 {[%clk 0:03:08]} 72. Rg5 {[%clk 0:02:34]}  Kb4 {[%clk 0:02:25]} 73. Rg4+ {[%clk 0:02:24]}  Kc5 {[%clk 0:01:04]} 74. Rg8 {[%clk 0:02:30]}  Rd2+ {[%clk 0:01:29]} 75. Ka3 {[%clk 0:02:50]}  Rd3+ {[%clk 0:01:56]} 76. Ka2 {[%clk 0:03:16]}  Kc4 {[%clk 0:01:15]} 77. Rg4+ {[%clk 0:02:55]}  Rd4 {[%clk 0:01:36]} 78. Rg2 {[%clk 0:02:46]}  b4 {[%clk 0:01:39]} 79. Rc2+ {[%clk 0:02:47]}  Kb5 {[%clk 0:01:53]} 80. Rc8 {[%clk 0:01:03]}  Rd2+ {[%clk 0:02:17]} 81. Ka1 {[%clk 0:00:51]}  b3 {[%clk 0:01:14]} 82. Kb1 {[%clk 0:00:32]}  Kb4 {[%clk 0:00:43]} 83. Rc1 {[%clk 0:00:43]}  a3 {[%clk 0:00:54]} 84. Rg1 {[%clk 0:01:05]}  a2+ {[%clk 0:01:02]} 85. Ka1 {[%clk 0:01:28]}  Ka3 {[%clk 0:01:17]} 0-1